| 000 | 00341nam a2200133Ia 4500 | ||
|---|---|---|---|
| 008 | 240624s9999 xx 000 0 und d | ||
| 041 | _aeng | ||
| 082 | _a302.35 KHA | ||
| 100 | _aKHANDWALLA PRADIP | ||
| 245 | _aORGANIZATIONAL DESIGN FOR EXCELLENCE | ||
| 260 |
_c2004 _aNew Delhi _bTata McGraw- Hill |
||
| 300 | _a340 : p. | ||
| 365 |
_cRS _b30 |
||
| 999 |
_c18134 _d18134 |
||